Kāvyaprakāśaḥ. (Record no. 67753)
[ view plain ]
| 000 -LEADER | |
|---|---|
| fixed length control field | 00730cam a22002651 4500 |
| 001 - CONTROL NUMBER | |
| control field | sa 66001369 |
| 003 - CONTROL NUMBER IDENTIFIER | |
| control field | DLC |
| 005 - DATE AND TIME OF LATEST TRANSACTION | |
| control field | 20260227112221.0 |
| 008 - FIXED-LENGTH DATA ELEMENTS--GENERAL INFORMATION | |
| fixed length control field | 900212s1965 ii b 000 0 sano |
| 010 ## - LIBRARY OF CONGRESS CONTROL NUMBER | |
| LC control number | sa 66001369 |
| 035 ## - SYSTEM CONTROL NUMBER | |
| System control number | (OCoLC)21054295 |
| 040 ## - CATALOGING SOURCE | |
| Original cataloging agency | DLC |
| Transcribing agency | WaU |
| Modifying agency | DLC |
| 042 ## - AUTHENTICATION CODE | |
| Authentication code | premarc |
| 050 00 - LIBRARY OF CONGRESS CALL NUMBER | |
| Classification number | PK2931 |
| Item number | .M3 1965 |
| 100 0# - MAIN ENTRY--PERSONAL NAME | |
| Personal name | Mammaṭācārya. |
| 245 10 - TITLE STATEMENT | |
| Title | Kāvyaprakāśaḥ. |
| 260 ## - PUBLICATION, DISTRIBUTION, ETC. | |
| Date of publication, distribution, etc. | 1965. |
| 300 ## - PHYSICAL DESCRIPTION | |
| Extent | 16, 39, 798 p. |
| Dimensions | 25 cm. |
| 500 ## - GENERAL NOTE | |
| General note | Added t. p. in English. |
| 500 ## - GENERAL NOTE | |
| General note | In Sanskrit. |
| 504 ## - BIBLIOGRAPHY, ETC. NOTE | |
| Bibliography, etc. note | Bibliographical footnotes. |
| 650 #0 - SUBJECT ADDED ENTRY--TOPICAL TERM | |
| Topical term or geographic name entry element | Poetics. |
| 700 1# - ADDED ENTRY--PERSONAL NAME | |
| Personal name | Jhalakikar, Vamanacharya Ramabhatta. |
| Title of a work | Bālabodhinī. |
| 700 1# - ADDED ENTRY--PERSONAL NAME | |
| Personal name | Karmarkar, R. D. |
| Fuller form of name | (Raghunath Damodar), |
| Dates associated with a name | 1893-1965. |
No items available.